Esdeekid Discography - Statistics

General Stats
  • This quiz has been taken 122 times
  • The average score is 13 of 24
Answer Stats
Answer Artist % Correct
Phantom EsDeeKid, Rico Ace
96%
Rebel Phantom EsDeeKid, Rico Ace
96%
Rebel 4 Raws EsDeeKid
87%
LV Sandals EsDeeKid, fakemink, Rico Ace
85%
Rebel LV Sandals EsDeeKid, fakemink, Rico Ace
85%
Century EsDeeKid
75%
Rebel Rottweiler EsDeeKid
72%
Rebel Mist EsDeeKid, Rico Ace
70%
Rebel Cali Man EsDeeKid, Rico Ace
69%
Rebel Tartan EsDeeKid, Fimiguerrero
68%
Rebel Prague EsDeeKid
64%
Rebel 5am EsDeeKid, Fimiguerrero
62%
Rebel Dirty EsDeeKid
53%
Rebel Panic EsDeeKid
53%
Apathy EsDeeKid
47%
Palaces EsDeeKid
42%
Ferragamo EsDeeKid
40%
Tapped In EsDeeKid ft SINN6R
35%
Gracias EsDeeKid
32%
Warmin' Up EsDeeKid
30%
Little Kidda EsDeeKid
27%
Number (N)ine Freestyle EsDeeKid
25%
Feature Tropical Remix fakemink ft EsDeeKid
23%
(if blank, single) Black Beatles Remix EsDeeKid
5%
No matching quizzes found
Score Distribution
Percent of People with Each Score
Percentile by Number Answered
Your Score History
You have not taken this quiz